000 00740nam a22001937a 4500
005 20150629091842.0
008 150629b mx||||| |||| 00| 0 fr d
020 _a9786074687125
050 0 4 _aK3370.A2
_bT73 2014
111 2 _aTravaux du Sommet des Présidents des Cours Suprémes, Constitutionelles et Régionales
_cMéxico
_d20121
245 1 0 _aUn Dialogue des Juges /
_cSuprema Corte de Justicia de la Nación
250 _a1a ed.
260 _aMéxico :
_bSuprema Corte de Justicia de la Nación,
_c2014
300 _ap v ;
_c29 cm.
611 4 _aTribunales Constitucionales
_vCongresos
611 4 _aTribunales Constitucionales (Jueces)
_xDiálogos
_vCongresos
711 _aSuprema Corte de Justicia de la Nación
942 _2lcc
_cLIB
999 _c96334
_d96334